Top 50 Girls' Names (Denmark 2016) Quiz Stats

 Plays Quiz not verified by Sporcle

Support Sporcle.
Go Orange.
Score 0/50 Timer 10:00
0 Plays Today
Rank Name % Correct
3Emma
93.8%
8Anna
91.8%
1Sofia
88.4%
22Emilie
88.1%
26Emily
88.1%
16Olivia
85.4%
31Sara
84.9%
4Ella
84.4%
34Marie
79%
17Victoria
78.5%
9Laura
78%
13Isabella
78%
50Lea
77.7%
7Clara
75.5%
18Sofie
74.5%
28Nora
72.8%
5Ida
68.6%
29Lily
67.6%
19Maja
65.8%
6Freja
64.9%
35Astrid
64.6%
2Alma
64.1%
37Liv
64.1%
33Luna
63.6%
39Rosa
63.6%
Rank Name % Correct
25Ellen
62.4%
11Josefine
59.2%
47Ellie
58.9%
24Esther
57.7%
21Caroline
55.7%
32Frida
55.4%
23Liva
48.8%
48Johanne
48.5%
10Alberte
48.3%
20Mathilde
47.8%
14Karla
47.5%
46Signe
45%
36Asta
44.8%
30Millie
42.1%
12Agnes
41.6%
40Naja
40.3%
42Andrea
39.4%
44Nanna
38.1%
27Aya
37.6%
43Filippa
34.9%
45Tilde
33.4%
38Vigga
32.9%
41Saga
29.7%
49Augusta
23.5%
15Lærke
13.6%

You're not logged in!

Compare scores with friends on all Sporcle quizzes.
OR
Log In

From the Vault

In 6 Languages: Weather

by markassonne

If there's a big storm outside, could you call it a rain of terror?
Remove Ads.
Support Sporcle.
Get the best of Sporcle when you Go Orange. This ad-free experience offers more features, more stats, and more fun while also helping to support Sporcle. Thank you for becoming a member.

Show Comments

Extras

Top Quizzes Today


Score Distribution

Your Account Isn't Verified!

In order to create a playlist on Sporcle, you need to verify the email address you used during registration. Go to your Sporcle Settings to finish the process.

Report this User

Report this user for behavior that violates our Community Guidelines.

Details: